000 00965nam a2200277 a 4500
001 26241
003 CO-ViMGA
008 141112s2004 ck r 000 u spa d
015 _ack - 2013 - xxxx
020 _a9789583040900
040 _aCO-ViMGA
_bspa
_cCO-ViMGA
041 _aspa fre
082 0 4 _a155.3 S13e
100 1 _aSaint Pierre, Frédérique
_940968
245 1 0 _aEstán cambiando! :
_bcomprenda la sexualidad entre los 0 y 12 años /
_cFrédérique Saint - Pierre, Marie - Francie Viau ; traducción Ana Pérez Calderón
250 _a1a. ed.
260 _aBogotá :
_bPanAméricana,
_c2013
300 _a222 p. ; 21 cm
490 _aAgenda de hoy
504 _aBibliografía : p. 217 - 222
650 1 4 _aSexualidad infantil
_940969
700 1 _aViau, Ana - Francie
_940970
917 _a2013 - 2583 2 ejemplares
942 _2ddc
_cBK
990 _a2013 - 2583 PanAméricana Editorial 2 ejemplares 21 17/04/2013 a838233 07/03/2013 28/02/2013
999 _c33428
_d33428